A Békás Kft. rendezvényeinek vizsgálata, javaslattétel a fejlesztésre

Bibliographic Details
Main Author: Buchala Eszter Kira
Other Authors: Harsányi Dr. Dávid
Format: Project work
Kulcsszavak:projektmunka
rendezvényszervezés
marketingkommunikáció
rendezvény
Békás Kft
eseménymarketing
Online Access:http://dolgozattar.uni-bge.hu/11097

MARC

LEADER 00000nnm a2200000 i 4500
001 dolg11097
005 20170703131408.0
008 170512suuuu hu o 000 hun d
040 |a BGE Dolgozattár Repozitórium  |b hun 
041 |a hu 
100 1 |a Buchala Eszter Kira 
245 1 2 |a A Békás Kft. rendezvényeinek vizsgálata, javaslattétel a fejlesztésre  |c Buchala Eszter Kira  |h [elektronikus dokumentum] 
516 |a Project_work 
695 |a projektmunka 
695 |a rendezvényszervezés 
695 |a marketingkommunikáció 
695 |a rendezvény 
695 |a Békás Kft 
695 |a eseménymarketing 
700 1 |a Harsányi Dr. Dávid  |e ths 
856 4 0 |u http://dolgozattar.uni-bge.hu/11097/1/PM-vegleges%20leadasra.pdf  |z Dokumentum-elérés 
856 4 0 |u http://dolgozattar.uni-bge.hu/11097/2/titkositasi%20kerelem.pdf  |z Dokumentum-elérés